The Vampire Diaries - Statistics

General Stats
  • This quiz has been taken 523 times
  • The average score is 3 of 12
Answer Stats
Hint Answer % Correct
what color highlights did elena get in season 4 red
81%
whos blood was in her system+ sired to damon
68%
what was the name off katherines child nadia petrova
56%
where did katherine go when she died hell
35%
who were all stefans dopplegangers that we know of tom and silas
20%
who were the first doppleganger silas and amara
19%
how did elena turn into a vampire she drowned
8%
how did damon die crashed and burned
3%
what did the travelers need to do the spell in season 5 dopplegangers blood
2%
how did katherines child die bit by werewolf
1%
what was katherine doppleganger and traveler
1%
why did elena turn off her humanity her brother died
1%
No matching quizzes found
Score Distribution
Percent of People with Each Score
Percentile by Number Answered
Your Score History
You have not taken this quiz